| 000 | 00712nam a2200229Ia 4500 | ||
|---|---|---|---|
| 003 | OSt | ||
| 005 | 20220926044718.0 | ||
| 006 | a|||||r|||| 00| 0 | ||
| 007 | ta | ||
| 008 | 220923b |||||||| |||| 00| 0 eng d | ||
| 037 | _cGeneral Book | ||
| 040 |
_aRTL _cRTL _beng |
||
| 041 |
_2eng _aeng |
||
| 082 | _aV235, 6 . N57t4, R1/GD | ||
| 110 |
_aMaharashtra, co-operation and rural evelopment (Deptt-) _9349356 |
||
| 245 | 0 | _aReport of the Committee on democratic decentralisa | |
| 260 | _c1961 | ||
| 650 | _aHistory of Bombay | ||
| 700 |
_aMaharashtra, co-operation and rural evelopment (Deptt-) _9349357 |
||
| 942 |
_hV235, 6 . N57t4, R1/GD _cGB _2CC |
||
| 999 |
_c675595 _d675595 |
||